Visualizzazione normale
Vista MARC
- Petz Johann Christoph
di Personal Name
Records bibliografici associati: 1
001 - CONTROL NUMBER
- control field: 31819
003 - CONTROL NUMBER IDENTIFIER
- control field: IT-RoPau
005 - DATE AND TIME OF LATEST TRANSACTION
- control field: 20140625112805.0
008 - FIXED-LENGTH DATA ELEMENTS
- fixed length control field: 140625|| aca||aabn | a|a d
040 ## - CATALOGING SOURCE
- Original cataloging agency: IT-RoPau
- Transcribing agency: IT-RoPau
100 ## - HEADING--PERSONAL NAME
- Personal name: Petz Johann Christoph
- Miscellaneous information: Codice autore musica SPICS: 49168
- Relator term: Autore musica
- Name of part/section of a work: Concerto pastorale in fa maggiore per due flauti diritti ed archi
670 ## - SOURCE DATA FOUND
- Source citation: Work cat.: (IT-RoPau)103606: AA.VV. 794, Baroque Music-Concerti grossi (Torelli, Sammartini, Petz, Corelli)